zpět

Detail výsledku týmu

Výčep Horoměřice, Horoměřice

Datum a čas kvízu

22.5 Celkem bodů Celkový počet nahraných bodů na tomto kvízu bez doplňovacích otázek.
5. Pořadí na kvízu Konečné umístění týmu na tomto kvízu.

Zaznamenané odpovědi

# Otázka Odpověď Body Výsledky
1. Aktuální popularity čínské zub... Jana Maláčová 0
2. Kontroverzní projekt výstavby... C) penis 1
3. Zářijové vydání magazínu Playb... Dominika Myslivcová 0
4. Ve čtvrtek sjel z výrobní link... Švédsko 0
5. Přestupová sága táhnoucí se ně... Ladislav Krejčí; Wolverhampton (Wanderers FC) 0
6. Jak se nazývá věda, která se z... adiktologie 1
7. V dnešní době se hodně mluví o... A) netolismus 1
8. Na fotografii vidíte asi nejzn... Katka, Helena Třeštíková 1
9. Při léčbě některých závislostí... C 1
10. Téma zakončíme u knih. Holky n... Ivona Březinová 0